01699cam a22002771a 450000100060000000300080000600500170001400800410003103500190007203500190009104000450011004100130015508200210016810000380018924501120022725000190033926000360035830000270039450507430042165000200116470000400118470000290122494200120125399900170126595201390128220628BD-RjUL20211209000605.0140301s1955 nyu 000 0 eng d a(BD-RjUL)20690 a(OCoLC)1109683 aDLCcNhUdOCoLCdTxKTdDLCdBD-RjULbeng1 aenghger00a833.91bZWT 19551 aZweig, Stefan,d1881-1942.96365714aThe tide of fortune :btwelve historical miniatures /cby Stefan Zweig ; translated by Eden and Cedar Paul. aHallam Edition aNew York :bViking Press,c1955 aviii, 285 p. ;c22 cm.0 aThe head upon the rostrum: Cicero's death, December 7, 43 B.C. -- The conquest of Byzantium, May 29, 1453 -- Flight into immortality: Nuñez de Balboa discovers the Pacific, September 25, 1513 -- The Lord gave the word: Handel's Messiah, August 21, 1741 -- The genius of one night: "The Mareillaise", April 25, 1815 -- The decisive hour at Waterloo: Grouchy obeys orders, June 18, 1815 -- The Marienbad elegy: Goethe's last love, September 5, 1823 -- El Dorado: The gold of California, January 12, 1848 -- First word across the Atlantic: Cyrus Field's cable, August 5, 1858 -- Quest of the South Pole; Scott reaches the Pole, January 16, 1912 -- The sealed train: Lenin leaves Zürich, April 9, 1917 -- Wilson's failure, March 15, 1919. 0aHistory.9636581 aPaul, Eden,d1865-1944,etr.9110701 aPaul, Cedar,etr.911071 2ddccBK c20628d20628 00102ddc40728FICaRUCLbRUCLcReadingd1955-06-10eAllies Bookg5.50l0o833.91 ZWT 1955r2014-03-01 00:00:00tC-1w2014-03-01yBK